000 00465nam a2200181Ia 4500
003 LK-CoDNM
008 010623t1992 xxu||||| |||| 00| 1 sin d
040 _aLK-CoDNM
_dLK-CoDNM
_eLK-CoDNM
041 _asin
080 _ax 398 SEB
100 _aSebihela, Alw Isi
245 _aයෝධයන් උපන් බිම
246 _aYoodayan upan bima
260 _bM.D.Gunasena
_aColombo
_c1992
300 _b62, 18 cm
650 _aFolk Tales
942 _cBK
999 _c115750
_d115750